<?xml version="1.0" encoding="UTF-8"?>
<record
    xmlns:xsi="http://www.w3.org/2001/XMLSchema-instance"
    xsi:schemaLocation="http://www.loc.gov/MARC21/slim http://www.loc.gov/standards/marcxml/schema/MARC21slim.xsd"
    xmlns="http://www.loc.gov/MARC21/slim">

  <leader>00276nam a22001217a 4500</leader>
  <datafield tag="040" ind1=" " ind2=" ">
    <subfield code="c">SK</subfield>
  </datafield>
  <datafield tag="082" ind1=" " ind2=" ">
    <subfield code="a">510</subfield>
  </datafield>
  <datafield tag="100" ind1=" " ind2=" ">
    <subfield code="a">&#x17A1;&#x17C1;&#x1784; &#x1794;&#x17CA;&#x17BB;&#x1793;&#x17A0;&#x17CA;</subfield>
  </datafield>
  <datafield tag="245" ind1=" " ind2=" ">
    <subfield code="a">Mathematics; &#x1782;&#x178E;&#x17B7;&#x178F;&#x179C;&#x17B7;&#x1791;&#x17D2;&#x1799;&#x17B6;</subfield>
  </datafield>
  <datafield tag="260" ind1=" " ind2=" ">
    <subfield code="a">RUA</subfield>
    <subfield code="b">&#x17A1;&#x17C1;&#x1784;</subfield>
    <subfield code="c">2008</subfield>
  </datafield>
  <datafield tag="300" ind1=" " ind2=" ">
    <subfield code="a">57p.</subfield>
  </datafield>
  <datafield tag="942" ind1=" " ind2=" ">
    <subfield code="c">KB</subfield>
  </datafield>
  <datafield tag="999" ind1=" " ind2=" ">
    <subfield code="c">10252</subfield>
    <subfield code="d">10252</subfield>
  </datafield>
  <datafield tag="952" ind1=" " ind2=" ">
    <subfield code="0">0</subfield>
    <subfield code="1">0</subfield>
    <subfield code="4">0</subfield>
    <subfield code="6">510_000000000000000_&#x17A1;&#x17C1;&#x1784;_2008_C020_OR</subfield>
    <subfield code="7">0</subfield>
    <subfield code="9">52814</subfield>
    <subfield code="a">LBC</subfield>
    <subfield code="b">LBC</subfield>
    <subfield code="c">C020</subfield>
    <subfield code="d">2016-09-23</subfield>
    <subfield code="o">510 &#x17A1;&#x17C1;&#x1784; 2008 C020 Or.</subfield>
    <subfield code="p">A02410</subfield>
    <subfield code="r">2016-09-26</subfield>
    <subfield code="y">KB</subfield>
  </datafield>
  <datafield tag="952" ind1=" " ind2=" ">
    <subfield code="0">0</subfield>
    <subfield code="1">0</subfield>
    <subfield code="4">0</subfield>
    <subfield code="6">510_000000000000000_&#x17A1;&#x17C1;&#x1784;_2008_C020_OR</subfield>
    <subfield code="7">0</subfield>
    <subfield code="9">52815</subfield>
    <subfield code="a">LBC</subfield>
    <subfield code="b">LBC</subfield>
    <subfield code="c">C020</subfield>
    <subfield code="d">2016-09-23</subfield>
    <subfield code="o">510 &#x17A1;&#x17C1;&#x1784; 2008 C020 Or.</subfield>
    <subfield code="p">A00066</subfield>
    <subfield code="r">2016-09-23</subfield>
    <subfield code="y">KB</subfield>
  </datafield>
  <datafield tag="952" ind1=" " ind2=" ">
    <subfield code="0">0</subfield>
    <subfield code="1">0</subfield>
    <subfield code="4">0</subfield>
    <subfield code="6">510_000000000000000</subfield>
    <subfield code="7">0</subfield>
    <subfield code="9">96511</subfield>
    <subfield code="a">LBC</subfield>
    <subfield code="b">LBC</subfield>
    <subfield code="c">C020</subfield>
    <subfield code="d">2023-11-20</subfield>
    <subfield code="o">510</subfield>
    <subfield code="p">a18193</subfield>
    <subfield code="r">2023-11-20</subfield>
    <subfield code="w">2023-11-20</subfield>
    <subfield code="y">KB</subfield>
  </datafield>
  <datafield tag="952" ind1=" " ind2=" ">
    <subfield code="0">0</subfield>
    <subfield code="1">0</subfield>
    <subfield code="4">0</subfield>
    <subfield code="6">510_000000000000000_&#x17A1;&#x17C1;&#x1784;_2008_C020_OR</subfield>
    <subfield code="7">0</subfield>
    <subfield code="9">96514</subfield>
    <subfield code="a">LBC</subfield>
    <subfield code="b">LBC</subfield>
    <subfield code="c">C020</subfield>
    <subfield code="d">2023-11-20</subfield>
    <subfield code="o">510 &#x17A1;&#x17C1;&#x1784; 2008 C020 Or.</subfield>
    <subfield code="p">a09357</subfield>
    <subfield code="r">2023-11-20</subfield>
    <subfield code="w">2023-11-20</subfield>
    <subfield code="y">KB</subfield>
  </datafield>
</record>
